<?xml version="1.0" encoding="UTF-8"?>
<record
    xmlns:xsi="http://www.w3.org/2001/XMLSchema-instance"
    xsi:schemaLocation="http://www.loc.gov/MARC21/slim http://www.loc.gov/standards/marcxml/schema/MARC21slim.xsd"
    xmlns="http://www.loc.gov/MARC21/slim">

  <leader>01537nam a2200229 a 4500</leader>
  <controlfield tag="001">20851</controlfield>
  <controlfield tag="003">CO-ViMGA</controlfield>
  <controlfield tag="008">141112s2004    ck      r     000 u spa d</controlfield>
  <datafield tag="020" ind1=" " ind2=" ">
    <subfield code="a">9586534898</subfield>
  </datafield>
  <datafield tag="040" ind1=" " ind2=" ">
    <subfield code="a">CO-ViMGA</subfield>
    <subfield code="b">spa</subfield>
    <subfield code="c">CO-ViMGA</subfield>
  </datafield>
  <datafield tag="082" ind1="0" ind2="4">
    <subfield code="a">344.02 A735d</subfield>
  </datafield>
  <datafield tag="100" ind1="1" ind2=" ">
    <subfield code="a">Arenas Monsalve, Gerardo</subfield>
    <subfield code="9">30088</subfield>
  </datafield>
  <datafield tag="245" ind1="1" ind2="0">
    <subfield code="a">El derecho colombiano de las seguridad social</subfield>
  </datafield>
  <datafield tag="260" ind1=" " ind2=" ">
    <subfield code="a">Bogot&#xE1; : </subfield>
    <subfield code="b">Legis, </subfield>
    <subfield code="c">2006</subfield>
  </datafield>
  <datafield tag="300" ind1=" " ind2=" ">
    <subfield code="a">667p</subfield>
  </datafield>
  <datafield tag="505" ind1=" " ind2=" ">
    <subfield code="a">Introducci&#xF3;n a la seguridad social El origen conceptual de la seguridad social, el origen institucional de la seguridad social, Aspectos generales de la seguridad social 39 - - Aproximaci&#xF3;n a la seguridad social en colombia Las etapas de la seguridad social en colombia, elementos constitucionales de la seguridad social en colombia 135 - - El sistema general de pesnsiones financiaci&#xF3;n de pensiones y reg&#xED;menes pensionales en la ley 100 de 1.993 237 - - El sistema general de seguridad social en salud El modelo econ&#xF3;mico y jur&#xED;dico del sistema de salud, los integrantes del sistema de salud 407 - - El sistema de riesgos profesionales Afiliaci&#xF3;n y cotizaciones en riesgos profesionales, La prevenci&#xF3;n del riesgo como elemento del sistema 597 - - El sistema de subsidio familiar 636  </subfield>
  </datafield>
  <datafield tag="590" ind1=" " ind2=" ">
    <subfield code="a">Forma de adquisici&#xF3;n : Compra - - Precio : 63000 - - Proveedor : Legis - - Fecha de adquisici&#xF3;n : Junio 2006</subfield>
  </datafield>
  <datafield tag="650" ind1="1" ind2="4">
    <subfield code="a">PENSIONES - COLOMBIA</subfield>
    <subfield code="9">30089</subfield>
  </datafield>
  <datafield tag="650" ind1="1" ind2="4">
    <subfield code="a">SEGURIDAD SOCIAL - LEGISLACION - COLOMBIANA</subfield>
    <subfield code="9">30090</subfield>
  </datafield>
  <datafield tag="650" ind1="1" ind2="4">
    <subfield code="a">SEGURIDAD SOCIAL COLOMBIA</subfield>
    <subfield code="9">11127</subfield>
  </datafield>
  <datafield tag="942" ind1=" " ind2=" ">
    <subfield code="2">ddc</subfield>
    <subfield code="c">BK</subfield>
  </datafield>
  <datafield tag="999" ind1=" " ind2=" ">
    <subfield code="c">29766</subfield>
    <subfield code="d">29766</subfield>
  </datafield>
  <datafield tag="952" ind1=" " ind2=" ">
    <subfield code="0">0</subfield>
    <subfield code="1">0</subfield>
    <subfield code="2">ddc</subfield>
    <subfield code="4">0</subfield>
    <subfield code="7">0</subfield>
    <subfield code="8">002</subfield>
    <subfield code="a">MEVIECAR</subfield>
    <subfield code="b">MEVIECAR</subfield>
    <subfield code="d">2015-12-04</subfield>
    <subfield code="h">11/jun/2009</subfield>
    <subfield code="l">2</subfield>
    <subfield code="m">2</subfield>
    <subfield code="o">344.02 A735d </subfield>
    <subfield code="p">20851</subfield>
    <subfield code="r">2019-06-11 00:00:00</subfield>
    <subfield code="s">2019-05-21</subfield>
    <subfield code="t">Ej. 1</subfield>
    <subfield code="w">2015-12-04</subfield>
    <subfield code="y">BK</subfield>
  </datafield>
</record>
